Bratislavský Istrochem dopláca na nejasnosť vlastníckych práv
Spory medzi majiteľmi Istrochemu, a.s. Bratislava o vlastníctvo firmy. Problematický konkurz, hrozba exekúcií, súdne spory. Vybrané hospodárske ukazovatele Istrochemu. Zvyšovanie straty podniku, znižovanie tržieb, zlá finančná situácia. Záujem zahraničných spoločností o vstup do podniku.
Saved in:
| Main Author: | |
|---|---|
| Format: | Book Chapter |
| Language: | Slovak |
| Subjects: | |
| Tags: |
No Tags, Be the first to tag this record!
|
MARC
| LEADER | 00000naa a2200000 4500 | ||
|---|---|---|---|
| 001 | r036750 | ||
| 005 | 20230921104158.1 | ||
| 041 | 0 | |a slo | |
| 044 | |a SK | ||
| 245 | 1 | 0 | |a Bratislavský Istrochem dopláca na nejasnosť vlastníckych práv |c Peter Vašina |
| 520 | |a Spory medzi majiteľmi Istrochemu, a.s. Bratislava o vlastníctvo firmy. Problematický konkurz, hrozba exekúcií, súdne spory. Vybrané hospodárske ukazovatele Istrochemu. Zvyšovanie straty podniku, znižovanie tržieb, zlá finančná situácia. Záujem zahraničných spoločností o vstup do podniku. | ||
| 610 | 2 | 0 | |a hospodárenie podnikové |
| 610 | 2 | 0 | |a ukazovatele ekonomické |
| 610 | 2 | 0 | |a strata |
| 610 | 2 | 0 | |a tržby |
| 610 | 2 | 0 | |a predaj |
| 610 | 2 | 0 | |a konkurzy |
| 610 | 2 | 0 | |a práva majetkové |
| 610 | 2 | 0 | |a Istrochem, a.s. Bratislava |
| 100 | 1 | |a Vašina, Peter | |